All Tate McRae Songs (2025) - Statistics

General Stats
  • This quiz has been taken 1,660 times
    1,323 since last reset
  • The average score is 39 of 80
Answer Stats
Album Track Title % Correct
So Close to What 6 Sports car
89%
So Close to What 1 Miss possessive
85%
THINK LATER 2 greedy
84%
So Close to What 2 Revolving door
82%
Single You
81%
THINK LATER 7 exes
80%
So Close to What 14 2 hands
78%
So Close to What 10 It's ok I'm ok
78%
So Close to What 5 Purple lace bra
78%
THINK LATER 11 think later
78%
So Close to What 8 I know love (feat. The Kid LAROI)
76%
So Close to What 18 Nostalgia
75%
TOO YOUNG TO BE SAD 5 you broke me first
75%
THINK LATER 3 run for the hills
74%
So Close to What 15 (Bonus) Siren sounds
74%
So Close to What 4 Dear god
73%
So Close to What 3 bloodonmyhands (feat. Flo Milli)
71%
So Close to What 13 Greenlight
71%
THINK LATER 14 plastic palm trees
70%
i used to think i could fly 8 she's all i wanna be
69%
THINK LATER 1 cut my hair
65%
Television Just Keep Watching
65%
So Close to What 11 No I'm not in love
65%
The One Day LP 2 One Day
64%
So Close to What 7 Signs
64%
THINK LATER 9 calgary
63%
THINK LATER 5 grave
62%
So Close to What 12 Means I care
61%
So Close to What 9 Like I do
60%
THINK LATER 10 messier
59%
THINK LATER 12 guilty conscience
58%
i used to think i could fly 11 feel like shit
56%
TOO YOUNG TO BE SAD 2 rubberband
56%
i used to think i could fly 5 chaotic
55%
THINK LATER 4 hurt my feelings
54%
THINK LATER 8 we're not alike
54%
Single 10:35
52%
i used to think i could fly 9 boy x
51%
Single uh oh
51%
Single that way
49%
THINK LATER 13 want that too
48%
THINK LATER 6 stay done
47%
i used to think i could fly 4 what would you do?
46%
TOO YOUNG TO BE SAD 6 wish i loved you in the 90s
44%
i used to think i could fly 2 don't come back
43%
i used to think i could fly 13 i still say goodnight
41%
The One Day LP 8 Teenage Mind
41%
i used to think i could fly 7 what's your problem?
41%
TOO YOUNG TO BE SAD 1 bad ones
39%
i used to think i could fly 12 go away
38%
i used to think i could fly 6 hate myself
38%
Single stupid
38%
TOO YOUNG TO BE SAD 3 slower
37%
Single all my friends are fake
35%
TOO YOUNG TO BE SAD 4 r u ok
35%
i used to think i could fly 3 i'm so gone
34%
i used to think i could fly 10 you're so cool
34%
Single vicious
33%
Single working (feat. Khalid)
31%
The One Day LP 1 Slip
30%
Single lie to me
28%
The One Day LP 7 Shoulder to Shoulder
28%
Cover Heather
27%
The One Day LP 3 Drown
26%
So Close to What 16 (Exclusive) Call my bluff
25%
Single happy face
24%
The One Day LP 6 Distant
22%
So Close to What 17 (Exclusive) Better than I was
21%
Single don't be sad
21%
The One Day LP 5 Hung up on You
21%
Single tear myself apart
21%
The One Day LP 4 Can't Get It Out
20%
i used to think i could fly 1 question mark
19%
The One Day LP 9 Hard to Find
18%
Featured On Boys Ain't Shit
17%
Television Darkest Hour
16%
Featured On All Day All Night
10%
Cover As It Was
8%
Cover I'll Be Home for Christmas
6%
Featured On Remembering
4%
No matching quizzes found
Score Distribution
Percent of People with Each Score
Percentile by Number Answered
Your Score History
You have not taken this quiz since the last reset